La participacin̤ de Productores en la vida institucional para el Proceso de Desarrollo Rural

Bibliographic Details
Main Author: Reyes Delgadillo, Arturo
Other Authors: Mr̀quez Muǫz, Jorge
Format: eBook
Language:Spanish
Published: Ciudad de Mx̌ico: Cm̀ara de Diputados, 2014
Subjects:
Online Access:Acceso restringido

MARC

LEADER 00000nam a22000007a 4500
005 20170714124351.0
007 cr|||| |||
008 170714s2014 mx |||||s||||f00||0 spa d
020 |a 978-607-9423-47-6 
035 |a 20419 
040 |a vLex 
090 |c 6825  |d 6825 
100 1 |a Reyes Delgadillo, Arturo 
245 1 2 |a La participacin̤ de Productores en la vida institucional para el Proceso de Desarrollo Rural  |h [Recurso electrn̤ico] /  |c Arturo Reyes Delgadillo, Jorge Mr̀quez Muǫz 
256 |a Servicio en ln̕ea 
260 |a Ciudad de Mx̌ico:  |b Cm̀ara de Diputados,  |c 2014 
300 |a 1 recurso electrn̤ico 
506 1 |a Disponible solo en los productos indicados  |d vLex Global  |d vLex Global (Academic Edition, excluding Law Schools)  |d vLex Global (U.S. Academic Edition, Law Schools)  |d vLex Global (U.S. Academic Edition, excluding Law Schools)  |d vLex Global (Academic Edition, Law Schools) 
650 0 4 |a Derecho Pb︢lico y Administrativo  |z Mx̌ico 
700 1 |a Mr̀quez Muǫz, Jorge 
740 0 |a vLex Libros (Servicio en ln̕ea) 
856 4 0 |u http://vlex.com/source/participacion-de-productores-en-la-vida-institucional-para-el-proceso-de-desarrollo-rural-20419  |z Acceso restringido 
942 |c BOOK 
999 0 |a Public and Administrative Law